Szczegóły MARC21

Psycholingwistyka : Chomsky a psychologia /

003 -Nazwa inst., której nr kontr. jest w polu 001 [,]
    • @
    • Nazwa instytucji, której n kontrolny jest w polu 001
    • NUKAT
005 -DATA I CZAS OSTATNIEJ MODYFIKACJI [,]
    • @
    • pole kontrolne
    • 20241231093857.0
040 -Instytucja sporządzająca opis [ , ]
    • a
    • Instytucja, która sporządziła opis (NP)
    • Ł U/BIP
    • c
    • Instytucja, która sporządziła rekord (NP)
    • Ł U/BIP
    • d
    • Instytucja, która zmodyfikowała rekord (P)
    • Ł U/AS
    • d
    • Instytucja, która zmodyfikowała rekord (P)
    • Ł U/JOs
    • d
    • Instytucja, która zmodyfikowała rekord (P)
    • GD 27/AZs
    • d
    • Instytucja, która zmodyfikowała rekord (P)
    • OLSZT 003/bak
041 -Język dokumentu [1, ]
    • a
    • Język tekstu (P)
    • polski
    • h
    • Język tekstu oryginalnego i/lub pośredniego (P)
    • angielski
942 -Rodzaj dokumentu [ , ]
    • c
    • Rodzaj dokumentu
    • Książka
100 -Hasło główne - nazwa osobowa [1, ]
    • a
    • Nazwa osobowa (NP)
    • Greene, Judith
    • d
    • Daty biograficzne (NP)
    • (1936- ).
    • 9
    • KHW
    • 513190
240 -Tytuł ujednolicony [1,0]
    • a
    • Tytuł ujednolicony
    • Psycholinguistics
    • l
    • Język tekstu
    • (pol.)
    • 9
    • KHW
    • 513192
245 -Strefa tytułu i oznaczenia odpowiedzialności [1,0]
    • a
    • Tytuł
    • Psycholingwistyka : Find
    • b
    • Ciąg dalszy tytułu (NP)
    • Chomsky a psychologia / Find
    • c
    • Pozostałe elementy strefy tytułu i oznaczenia odpowiedzialności (NP)
    • Judith Greene ; [tł. Jacek Łaszcz ; red. nauk. Ida Kurcz].
260 -Strefa adresu wydawniczego [ , ]
    • a
    • Miejsce wydania (P)
    • Warszawa :
    • b
    • Nazwa wydawcy (P)
    • Państwowe Wydawnictwo Naukowe,
    • c
    • Data wydania (P)
    • 1977.
300 -Strefa opisu fizycznego [ , ]
    • a
    • Określenie formy książki i/lub objętość (NP)
    • 273, [1] s. :
    • b
    • Oznaczenie ilustracji (NP)
    • il. , err. ;
    • c
    • Format (NP)
    • 20 cm.
336 -Typ zawartości [ , ]
    • a
    • Termin opisujący typ zawartości
    • Tekst
    • b
    • Kod określający zawartość
    • txt
    • 2
    • Źródło (terminu i kodu)
    • rdacontent
337 -Typ mediów [ , ]
    • a
    • Tryb odtwarzania
    • Bez urządzenia pośredniczącego
    • b
    • Kod typu mediów
    • n
    • 2
    • Źródło (terminu i kodu)
    • rdamedia
338 -Typ/rodzaj nośnika [ , ]
    • a
    • Hasło opisujące typ nośnika
    • Wolumin
    • b
    • Kod typu nośnika
    • nc
    • 2
    • Źródło (terminu i kodu)
    • rdacarrier
504 -Uwaga dot. bibliogr. załącznikowej [ , ]
    • a
    • Uwaga dot. bibliografii załącznikowej
    • Bibliogr. s. 266-272.
080 -Uniwersalna Klasyfikacja Dziesiętna [ , ]
    • 2
    • Identyfikator wydania tablic
    • UDC-P022
    • a
    • Symbol klasyfikacji
    • 81'23
    • b
    • Dopowiedzenie
    • Psycholingwistyka. Psychologia języka. Język a myślenie. Neurolingwistyka. Patologia mowy. Afazja.
600 -Hasło przedmiotowe w formie nazwy osobowej [1,7]
    • a
    • Nazwa osobowa
    • Chomsky, Noam
    • d
    • Daty związane z nazwą
    • (1928- )
    • x
    • Określnik rzeczowy
    • krytyka i interpretacja.
    • 2
    • Źródło terminu
    • kaba
    • 9
    • KHW
    • 481347
650 -Hasło przedmiotowe [ ,7]
    • a
    • Hasło przedmiotowe
    • Psycholingwistyka.
    • 2
    • Źródło terminu
    • kaba
    • 9
    • KHW
    • 126950
980 -Symbol UKD [ , ]
    • a
    • UKD
    • 81'23
700 -Hasło dodatkowe - nazwa osobowa [1, ]
    • a
    • Nazwa osobowa (NP)
    • Łaszcz, Jacek. Find
    • e
    • Określenie rodzaju współpracy
    • Tł.
    • 9
    • KHW
    • 24759
700 -Hasło dodatkowe - nazwa osobowa [1, ]
    • a
    • Nazwa osobowa (NP)
    • Kurcz, Ida Find
    • d
    • Daty biograficzne (NP)
    • (1930-2024).
    • e
    • Określenie rodzaju współpracy
    • Red.
    • 9
    • KHW
    • 42125
710 -Hasło dodatkowe - nazwa ciała zbiorowego [2, ]
    • a
    • Nazwa ciała zbiorowego lub nazwa geograficzna jako pierwszy element (NP)
    • Państwowe Wydawnictwo Naukowe (1951-1992).
    • 4
    • Kod relacji
    • pbl
    • 9
    • KHW
    • 52048
Sygnatura Uwagi nie widoczne w OPAC Data inwentaryzacji Lokalizacja Status udost. Numer inwentarzowy
Z.30307przepisany BG2Z.30307
 przepisany BG-3W.68435
 przepisany BG-3W.68436
 przepisany BG-3W.68437
 przepisany BG-3W.68438
 przepisany BG-3W.69046
POL. Psycholingwistyka 02 2020-02-14BM1Q.4411
  2006-07-06BNS1H.15008
4/G-78  BNS1ANS.130516
4/G-78  BNS1ANS.130803
   BNS2Pd.1204